<?xml version="1.0" encoding="UTF-8"?>
<collection xmlns="http://www.loc.gov/MARC21/slim">
 <record>
  <leader>00323pamaa2200133   4500</leader>
  <controlfield tag="001">0000023750</controlfield>
  <controlfield tag="005">20070103090000.0</controlfield>
  <datafield tag="020" ind1="0" ind2="0">
   <subfield code="a">077109390X </subfield>
  </datafield>
  <datafield tag="090" ind1="0" ind2="0">
   <subfield code="a">PR9199.3 </subfield>
   <subfield code="b">HER 1987</subfield>
  </datafield>
  <datafield tag="100" ind1="1" ind2="0">
   <subfield code="a">HERK </subfield>
  </datafield>
  <datafield tag="245" ind1="1" ind2="4">
   <subfield code="a">The Tent peg  </subfield>
   <subfield code="c">Aritha Van Herk.</subfield>
  </datafield>
  <datafield tag="260" ind1="0" ind2="0">
   <subfield code="a">Ontario: </subfield>
   <subfield code="b">The Clelland Pub., </subfield>
   <subfield code="c">1987.</subfield>
  </datafield>
  <datafield tag="300" ind1=" " ind2=" ">
   <subfield code="a">227p.; </subfield>
   <subfield code="c">18cm.</subfield>
  </datafield>
  <datafield tag="650" ind1="0" ind2="0">
   <subfield code="a">Fiction </subfield>
  </datafield>
 </record>
</collection>
